|
|
|
|
| LEADER |
00000nam0a2200000 4500 |
| 001 |
75318 |
| 005 |
20231031090605.0 |
| 035 |
|
|
|a (RuTPU)RU\TPU\book\80300
|
| 090 |
|
|
|a 75318
|
| 100 |
|
|
|a 20050322d1973 k y0rusy50 ca
|
| 101 |
0 |
|
|a rus
|
| 102 |
|
|
|a RU
|
| 105 |
|
|
|a a z 001zy
|
| 200 |
1 |
|
|a Экономика, организация и планирование научно-исследовательских и опытно-конструкторских работ
|f В. К. Беклешов, М. С. Минтаиров, Ю. Д. Сараев
|g Ленинградский государственный университет (ЛГУ)
|
| 210 |
|
|
|a Москва
|c Изд-во Ленинградского ун-та
|d 1973
|
| 215 |
|
|
|a 107 с.
|c ил.
|
| 320 |
|
|
|a Библиогр.: с. 106.
|
| 610 |
1 |
|
|a научно-исследовательские институты
|
| 610 |
1 |
|
|a научно-исследовательские работы
|
| 610 |
1 |
|
|a конструкторские бюро
|
| 610 |
1 |
|
|a конструкторские работы
|
| 610 |
1 |
|
|a планирование
|
| 610 |
1 |
|
|a научная организация труда
|
| 610 |
1 |
|
|a экономическое стимулирование
|
| 610 |
1 |
|
|a исследования
|
| 610 |
1 |
|
|a технико-экологическое обоснование
|
| 675 |
|
|
|a 001.89
|v 3
|
| 700 |
|
1 |
|a Беклешов
|b В. К.
|g Вадим Кириллович
|
| 701 |
|
1 |
|a Минтаиров
|b М. С.
|g Миссавир Сатрутдинович
|
| 701 |
|
1 |
|a Сараев
|b Ю. Д.
|g Юрий Дмитриевич
|
| 712 |
0 |
2 |
|a Ленинградский государственный университет (ЛГУ)
|c (1924-1991)
|2 stltpush
|3 (RuTPU)RU\TPU\col\77
|
| 801 |
|
1 |
|a RU
|b 63413507
|c 20050322
|g PSBO
|
| 801 |
|
2 |
|a RU
|b 63413507
|c 20230629
|g PSBO
|
| 942 |
|
|
|c BK
|